Регионална библиотека "Любен Каравелов" - Русе

Кодекс за социално осигуряване (Запис номер 67257)

MARC детайли
000 -Лидер
Контролно поле с фиксирана дължина 01783nam a2200349 c 4500
003 - Код на организацията, давaща контролен номер
Контролно поле BLK
005 - Дата и час на последна редакция
Контролно поле 20180420223515.0
008 - Елементи от данни с фиксирана дължина
fixed length control field 180408b bul|||||r ||||||| ||bul||
010 ## - Наследен системен номер
LC control number KNG00071567000
020 ## - Международен стандартен номер на книга ISBN
Международен стандартен номер на книга ISBN 978-954-730-394-2
-- издат.: Сиби
040 ## - Източник на каталожния запис
Идентификатор на билиотеката - собственик на записа BLK
041 ## - Код за език
Код за езика на текст/звукозапис или на отделно заглавие Български
Код за езика КДБФ Български
080 ## - УДК
Текстов определител УДК Трудово законодателство. Работническо законодателство. Социално законодателство
УДК код - определител по УДК 351.83
УДК определител :368.4(497.2)(094.4)
УДК - код + определител 351.83:368.4(497.2)(094.4)
110 1# - Редна дума - колетивен орган
Редна дума - наименование на организация или юридическо лице България. Закони и др. п.
9 (RLIN) 243213
139 ## - Редно поле
Редна дума България. Закони и др. п.
Авторски знак Бъл - Б 92
245 10 - Сведения за заглавието
Заглавие Кодекс за социално осигуряване
250 ## - Област на изданието
Сведения за изданието 10. изд.
257 ## - Страна на издаване
Страна на създаване/издаване България
260 ## - Област на издателските данни
-- София
Име на издателя, разпространителя и проч. Сиби
Година на издаване 2007
Печатница София : Инвестпрес
300 ## - Физическа характеристика
Страници 368 с.
Размери/Мащаб 19 см
380 ## - Жанр
Жанр Обществени науки
490 1# - СЕРИИ (Колекции)
Име на серия Поредица Джобни издания
500 ## - Общи забележки
Забележка 1. изд. 2001със загл. Кодекс за задължително обществено осигуряване ; В кн. означено 12. изд. - Съдържа и Закон за бюджета на държавното обществено осигуряване за 2007 г. ; Закон за Комисията за финансов надзор. - Към 1 ян. 2007
650 #4 - Допълнително описание по предмет – тема
Основно описание – тема или топоним Обществено осигуряване - България - законодателни и директивни материали
9 (RLIN) 242702
653 ## - Ключова дума – ненормативна
Ключова дума обществено осигуряване
653 ## - Ключова дума – ненормативна
Ключова дума законодателство
852 ## - Местоположение
Форматна сигнатура Цб 231430
856 4# - Електронен адрес и достъп
Електронен формат pdf - файл
Път до файла /url/
856 4# - Електронен адрес и достъп
Електронен формат pdf - файл
Път до файла /url/
942 ## - АРТИКУЛИ
Вид на библиотечния материал Книги
Скрит в OPAC Не
944 ## - СЪЗДАВАНЕ И РЕДАКЦИЯ на ЗАПИСА
Създаване/Редакция Създаване
Дата на регистрацията/редакция 13.02.2007
Служител, извършил регистрацията/редакцията Геновева_Генчева
944 ## - СЪЗДАВАНЕ И РЕДАКЦИЯ на ЗАПИСА
Създаване/Редакция Редакция
Дата на регистрацията/редакция 16.10.2007
Служител, извършил регистрацията/редакцията
999 ## - СИСТЕМНИ КОНТРОЛНИ НОМЕРА
Koha biblionumber 67257
Koha biblioitemnumber 67257
Наличности
Код за отписване Код за изгубен артикул Източник на класификационната схема Код за повреда Коз за рестрикции Код за отдаване Артикулен № Име на библиотеката - собственик Име на библиотеката, в която се намира в момента Статус (Текущо местоположение) Дата на вписване в системата Местоположение - отдел Цена в лева Инвентарен номер Систематично азбучна сигнатура Баркод Номер на екземпляра Цена в евро Служебна бележка Служебен тип на артикула
Изтеглен Не е изгубен Universal Decimal Classification Не е повреден без рестрикции заемане за дома 111230 Регионална библиотека "Любен Каравелов" Русе Регионална библиотека "Любен Каравелов" Русе Заемна - подръчен фонд 2007-02-13 Заемна - подръчен фонд 6.90 120000709620 П 351/Б 92 120000709620 1 3.53 Дост: Pk Вид: Ф N: 1667 Дата: 09.02.2007 Книги
  Не е изгубен   Не е повреден без рестрикции ползва се в читалня 111231 Регионална библиотека "Любен Каравелов" Русе Регионална библиотека "Любен Каравелов" Русе Хранилище 2007-08-30 Хранилище 6.90 120000717250 Цб 231430 120000717250 2 3.53 Дост: Dp Вид: Д N: 19 Дата: 19.04.2007 Книги
Vip Innovations Ltd, Rousse, Bulgaria 2025